[Event "IND-chT (Women) 22nd"]
[Site "Ahmedabad"]
[Date "2025.03.11"]
[Round "7.3"]
[White "Agrawal, Archita"]
[Black "Falak, Joni Naik"]
[Result "1-0"]
[WhiteElo "1747"]
[BlackElo "1716"]
[PlyCount "139"]
[EventDate "2025.03.05"]
[EventType "team-swiss"]
[EventRounds "7"]
[EventCountry "IND"]
[SourceTitle "CB12_2025"]
[SourceDate "2025.03.19"]
[SourceVersion "1"]
[SourceVersionDate "2025.03.19"]
[SourceQuality "1"]
[WhiteTeam "Uttar Pradesh (W)"]
[BlackTeam "Gujarat (W)"]
[WhiteTeamCountry "IND"]
[BlackTeamCountry "IND"]

1. d4 Nf6 2. c4 g6 3. Nc3 Bg7 4. Nf3 0-0 5. Bg5 d6 6. e3 Nbd7 7. Be2 c5 8. 0-0 h6 9. Bh4 Nh7 10. Qd2 g5 11. Bg3 f5 12. Rfd1 h5 13. h4 g4 14. Ng5 Nxg5 15. hxg5 a6 16. Rac1 e5 17. dxe5 Bxe5 18. Bf4 Qe8 19. Nd5 Rb8 20. a4 Qf7 21. g6 Qg7 22. Bg5 Bxb2 23. Rb1 Be5 24. f4 gxf3 25. Bxf3 Nf6 26. Nxf6+ Rxf6 27. Bxf6 Qxf6 28. Bxb7 Rxb7 29. Qd5+ Kg7 30. Rxb7+ Bxb7 31. Qxb7+ Kxg6 32. Qd5 Qf7 33. Qxf7+ Kxf7 34. Kf2 Ke6 35. Ke2 h4 36. Kd3 a5 37. Rb1 Bg3 38. Rb8 Be1 39. Ke2 Bc3 40. Kd3 Be1 41. e4 f4 42. Rf8 Bg3 43. Rf5 Kd7 44. Ke2 Ke6 45. Kf3 Bh2 46. Kg4 Bg3 47. Kf3 Bh2 48. Rd5 Bg3 49. Kg4 Ke7 50. e5 dxe5 51. Rxe5+ Kd6 52. Rd5+ Kc6 53. Rd8 Kb7 54. Rf8 Kc6 55. Rxf4 Bxf4 56. Kxf4 Kd6 57. Kf5 Ke7 58. Kg5 Ke6 59. Kxh4 Ke5 60. g4 Kd4 61. g5 Kxc4 62. g6 Kd3 63. g7 c4 64. g8Q c3 65. Qd5+ Ke2 66. Qxa5 c2 67. Qc5 Kd2 68. a5 c1Q 69. Qxc1+ Kxc1 70. a6 1-0

[Event "IND-ch U13 Girls"]
[Site "Secunderabad"]
[Date "2023.12.05"]
[Round "2"]
[White "Kalyani, Sirin"]
[Black "Agrawal, Archita"]
[Result "1-0"]
[WhiteElo "1802"]
[BlackElo "1255"]
[PlyCount "91"]
[EventDate "2023.12.04"]
[EventType "swiss"]
[EventRounds "11"]
[EventCountry "IND"]
[SourceTitle "EXT 2025"]
[Source "ChessBase"]
[SourceDate "2024.10.14"]
[SourceVersion "1"]
[SourceVersionDate "2024.10.14"]
[SourceQuality "1"]

1. e4 e6 2. d4 d5 3. e5 c5 4. c3 Nc6 5. Nf3 Bd7 6. Be2 f6 7. 0-0 fxe5 8. Nxe5 Nxe5 9. dxe5 Qc7 10. Re1 Nh6 11. Bxh6 gxh6 12. Bh5+ Kd8 13. Qg4 Qb6 14. b3 Kc7 15. Qh4 Be8 16. Qf6 Bxh5 17. Qxh8 Bg6 18. Qf6 Kd7 19. Nd2 Be7 20. Qg7 h5 21. c4 Rf8 22. cxd5 exd5 23. e6+ Ke8 24. Re3 Qb4 25. Rf3 Qb5 26. Re1 Qc6 27. Qe5 Qd6 28. Rxf8+ Bxf8 29. e7 Qxe5 30. exf8Q+ Kxf8 31. Rxe5 Bf7 32. f4 a6 33. f5 b5 34. Kf2 Kg7 35. Ke3 Kf6 36. Kf4 a5 37. Re1 c4 38. bxc4 dxc4 39. Ne4+ Kg7 40. Nd6 Kf6 41. Nxb5 Bd5 42. Nc7 Bxg2 43. Ne8+ Kf7 44. Nd6+ Kf8 45. f6 Bc6 46. Rb1 1-0